000 00471nam a2200181Ia 4500
005 20250326143133.0
008 250326s9999 xx 000 0 und d
037 _aTextbook
040 _aFMSL
_beng
_cFMSL
041 _aeng
_2eng
084 _aX:89M1 N8
_qFMSL
100 _aKoch R
_9743769
245 0 _a80/20 Principle
_cKoch R
260 _aLondon
_bLondon, Doubleday
_c1999
300 _a277p
942 _cTB
_hX:89M1 N8
999 _c1298266
_d1298266